000 00503nam a2200157Ia 4500
008 210327s9999||||xx |||||||||||||| ||und||
040 _cSTCPL
041 _hMAL
082 _a894.812 03
_bBHA-B
100 _aBhaskara Panikker P.T.
245 0 _aBharata vijnanakosham - Part - IX
_hഭാരതവിജ്ഞാനകോശം - ഭാഗം - 9
260 _aKottayam
_bD.C. Books
_c1976
300 _a123
650 _aGeneralകുട്ടികളുടെ സാഹിത്യം
942 _cBK
999 _c25753
_d25753